[Event "Olympiad-36"]
[Site "Mallorca"]
[Date "2004.10.27"]
[Round "12"]
[White "Gonzalez Davila, Richard"]
[Black "Ghane Gardeh, Shojaat"]
[Result "1/2-1/2"]
[WhiteElo "2202"]
[BlackElo "2376"]
[PlyCount "237"]
[EventDate "2004.10.15"]
[EventType "team-swiss"]
[EventRounds "14"]
[EventCountry "ESP"]
[SourceTitle "CBM 104"]
[Source "ChessBase"]
[SourceDate "2005.01.27"]
[SourceVersion "1"]
[SourceVersionDate "2005.01.27"]
[SourceQuality "1"]
[WhiteTeam "Ecuador"]
[BlackTeam "Iran"]
[WhiteTeamCountry "ECU"]
[BlackTeamCountry "IRI"]

1. e4 e6 2. d4 d5 3. e5 Bd7 4. Be3 Ne7 5. Bd3 Nf5 6. Nf3 a6 7. 0-0 Bb5 8. Bg5 Qd7 9. c3 h6 10. Be3 c5 11. a4 Bxd3 12. Qxd3 Qc7 13. Nbd2 Nc6 14. dxc5 Nxe5 15. Nxe5 Qxe5 16. Bd4 Qc7 17. Rfe1 Be7 18. b4 0-0 19. Nf3 a5 20. Be5 Qc8 21. g4 Nh4 22. Nxh4 Bxh4 23. Qd4 f6 24. Bd6 Re8 25. b5 Qd7 26. Rad1 Kh8 27. h3 Red8 28. c4 dxc4 29. Qxc4 e5 30. c6 bxc6 31. bxc6 Qa7 32. Bc5 Qc7 33. Qb5 Rdb8 34. Bd6 Rxb5 35. Bxc7 Rb2 36. Rf1 Rc2 37. Rc1 Bxf2+ 38. Kg2 Rxc1 39. Rxc1 Be3 40. Rb1 Ra6 41. Rb5 Rxc6 42. Bxa5 Rc2+ 43. Kf3 Bd4 44. Bb4 Rh2 45. Kg3 Ra2 46. a5 e4 47. Kf4 e3 48. Ke4 e2 49. Kxd4 Ra4 50. Rb8+ Kh7 51. Re8 Rxb4+ 52. Kc5 Rb3 53. Rxe2 Rxh3 54. Ra2 Rc3+ 55. Kb4 Rc8 56. a6 Kg6 57. a7 Kg5 58. a8Q Rxa8 59. Rxa8 Kxg4 60. Kc3 f5 61. Kd3 Kf3 62. Ra6 h5 63. Rg6 h4 64. Rxg7 h3 65. Rh7 Kg2 66. Ke2 h2 67. Rg7+ Kh3 68. Kf2 h1N+ 69. Kf3 Kh2 70. Ra7 f4 71. Ra2+ Kg1 72. Kxf4 Nf2 73. Kf3 Nd3 74. Ra1+ Kh2 75. Rd1 Ne5+ 76. Kf4 Ng6+ 77. Kg5 Ne5 78. Rf1 Kg3 79. Rg1+ Kf2 80. Ra1 Ke3 81. Re1+ Kd4 82. Kf5 Nd3 83. Re2 Kd5 84. Re4 Nc5 85. Re8 Kd4 86. Kf4 Nd3+ 87. Kf3 Ne5+ 88. Ke2 Ke4 89. Ra8 Nc4 90. Rh8 Ne5 91. Rh4+ Kd5 92. Ke3 Nc4+ 93. Kd3 Ne5+ 94. Ke3 Ke6 95. Ra4 Kd5 96. Rf4 Nc6 97. Rf5+ Kc4 98. Rf6 Kd5 99. Rh6 Ne5 100. Rh4 Nc6 101. Re4 Kd6 102. Ra4 Kd5 103. Kd3 Ne5+ 104. Ke3 Nc4+ 105. Kf4 Kd4 106. Ra8 Kd5 107. Rd8+ Nd6 108. Ke3 Ke5 109. Kd3 Kd5 110. Rh8 Ke5 111. Rh1 Nf5 112. Re1+ Kd5 113. Re4 Nd6 114. Rd4+ Ke6 115. Ra4 Kd5 116. Ra5+ Ke6 117. Kd4 Nf5+ 118. Ke4 Nd6+ 119. Kf4 1/2-1/2

[Event "Pan American-ch U20"]
[Site "Botucatu"]
[Date "2003.05.31"]
[Round "6"]
[White "Lafuente, Pablo"]
[Black "Gonzalez Davila, Richard"]
[Result "1-0"]
[WhiteElo "2435"]
[BlackElo "2263"]
[PlyCount "77"]
[EventDate "2003.05.27"]
[EventType "swiss"]
[EventRounds "7"]
[EventCountry "BRA"]
[SourceTitle "CBM 094 Extra"]
[Source "ChessBase"]
[SourceDate "2003.07.09"]
[SourceVersion "2"]
[SourceVersionDate "2003.07.09"]
[SourceQuality "1"]

1. d4 d5 2. c4 e6 3. Nc3 Nf6 4. cxd5 exd5 5. Bg5 c6 6. e3 h6 7. Bh4 Be7 8. Qc2 0-0 9. Bd3 Qa5 10. Nf3 Na6 11. Qd1 Be6 12. 0-0 Nb4 13. Bb1 c5 14. dxc5 Qxc5 15. Nd4 Rad8 16. Bg3 Bd6 17. a3 Na6 18. Na4 Qc8 19. Bxd6 Rxd6 20. Nb5 Rd7 21. Nxa7 Qb8 22. Nb5 Ng4 23. g3 Qe5 24. Nd4 Qh5 25. h4 g5 26. Nf5 gxh4 27. Qxg4+ Qxg4 28. Nxh6+ Kg7 29. Nxg4 Bxg4 30. gxh4 Bh3 31. Rd1 Rh8 32. Rd4 Rh5 33. Kh2 Be6 34. Bd3 Rd6 35. b4 Nb8 36. b5 Nd7 37. Rg1+ Kh6 38. Rf4 f5 39. Be2 1-0

[Event "Amistad Cup U20 2nd"]
[Site "Lima/Guayaquil"]
[Date "2001.??.??"]
[Round "5"]
[White "Gonzalez Davila, Richard"]
[Black "Zapata, Karen"]
[Result "1-0"]
[WhiteElo "2180"]
[BlackElo "2021"]
[PlyCount "71"]
[EventDate "2001.03.07"]
[EventType "schev"]
[EventRounds "8"]
[EventCountry "PER"]
[SourceTitle "EXT 2003"]
[Source "ChessBase"]
[SourceDate "2002.11.25"]
[SourceVersion "1"]
[SourceVersionDate "2002.11.25"]
[SourceQuality "1"]

1. e4 e6 2. d4 d5 3. e5 c5 4. c3 Nc6 5. Nf3 Bd7 6. Bd3 cxd4 7. cxd4 Qb6 8. 0-0 Nxd4 9. Ng5 Nc6 10. Re1 Be7 11. Nc3 Nh6 12. Qh5 a6 13. a3 Qd4 14. Qe2 Nxe5 15. Qxe5 Qxe5 16. Rxe5 f6 17. Re2 fxg5 18. Nxd5 exd5 19. Bxg5 0-0 20. Rxe7 Rf7 21. Rae1 Kf8 22. Bxh7 Rxe7 23. Rxe7 Bc6 24. Rc7 Re8 25. Bd2 Re2 26. Bb4+ Ke8 27. h3 d4 28. Bg6+ Kd8 29. Ba5 Re5 30. Bb6 Rb5 31. Rxc6+ Kd7 32. Rc7+ Kd6 33. Rxb7 Ng8 34. Bc7+ Ke6 35. Rxb5 axb5 36. Bd3 1-0